| 000 | 00712nam a2200241 i 4500 | ||
|---|---|---|---|
| 001 | 9696 | ||
| 003 | ES-MaACL | ||
| 005 | 20250911062632.0 | ||
| 007 | t| | ||
| 008 | 931129s1993 sp ||||1| spa d | ||
| 020 | _a84-233-2319-6 | ||
| 080 | _a86-311.6"19" | ||
| 080 | _a86(Sampedro,J.L.7 R.01) | ||
| 100 | 1 |
_aSampedro, José Luis, _d1917-2013 _9102185 |
|
| 245 | 1 | 0 |
_aReal sitio _b: los círculos del tiempo III / _cJosé Luis Sampedro. |
| 250 | _a1ª ed. | ||
| 260 |
_aBarcelona : _bDestino, _c1993. |
||
| 300 |
_a587 p., [2] h. de lám. ; _c20 cm. |
||
| 490 | 1 |
_aAncora y delfín ; _v700 |
|
| 830 | 0 | 0 |
_aÁncora y Delfín _v700 _9151298 |
| 852 |
_aES-MaACL _jL-17263 _bR.122194 |
||
| 999 |
_c9696 _d9696 |
||